<The> Determination of Sterling M3, 1963-1988 <An> Evolutionary Macroeconomic Approach

Salvato in:
Dettagli Bibliografici
Autore principale: Foster, John
Natura: Libro
Lingua:inglese
Pubblicazione: Queensland University 1991
Edizione:1. ed.
Serie:Discussion Paper No.60
Tags: Aggiungi Tag
Nessun Tag, puoi essere il primo ad aggiungerne!!

MARC

LEADER 00000nam a2200000 4500
001 c039909
005 20221214093417.4
041 0 |a eng 
044 |a AU 
245 1 0 |a <The> Determination of Sterling M3, 1963-1988  |b <An> Evolutionary Macroeconomic Approach  |c John Foster 
250 |a 1. ed. 
264 1 |a Queensland  |b University  |c 1991 
300 |a 28 s. 
490 1 |a Discussion Paper  |v No.60 
830 0 |a Discussion Paper  |v No.60 
100 1 |a Foster, John